000 00718nam a22002417a 4500
001 3660
003 FISKH
005 20240403140055.0
008 240403b cb ||||| |||| 00| 0 eng d
040 _aFISK
_beng
_cFISK
_dFISK
050 _aPZ7.B327
082 _a813.4
100 _aBaum L. Frank
_d1856-1919
245 _aThe wonderful wizard of oz /
_cL. Frank Baum
260 _aNew York :
_bHarperFestival,
_c1999
300 _a199 pages :
_c20 cm
505 _aU
520 _aAfter a cyclone transports her to the land of Oz, Dorothy must seek out the great wizard in order to return to Kansas.
521 8 _a980
_bLexile
700 _aL. Frank Baum
942 _2ddc
_cBK
_n0
999 _c3660
_d3660